000 00640nam a2200241Ia 4500
001 12219
003 GE_BSU
008 181216s||||||||xx |||||||||||||| ||und||
020 _a9785445303831
040 _cGE_BSU
080 _a821.161.1-1
100 _aАхматова,А.
245 _aСероглазый король
245 _bИзбранные произведения
245 _cОтв.ред. Антонина Балакина
260 _aСПБ
260 _bЛениздат
260 _c2014
300 _a288стр.18см.
541 _h10Л.
653 _aСероглазый король
942 _cBK
999 _c45395
_d45395